Catalog

Record Details

Catalog Search



Advanced Computing, Networking and Security International Conference, ADCONS 2011, Surathkal, India, December 16-18, 2011, Revised Selected Papers  Cover Image E-book E-book

Advanced Computing, Networking and Security International Conference, ADCONS 2011, Surathkal, India, December 16-18, 2011, Revised Selected Papers

Record details

  • ISBN: 9783642292804
  • Physical Description: electronic
    electronic resource
    access
    remote
    XVII, 641 p. online resource.
  • Publisher: Berlin, Heidelberg : Springer Berlin Heidelberg, 2012.
Subject: Computer science
Computer Communication Networks
Software engineering
Data protection
Computer software
Information storage and retrieval systems
Computer Science
Computer Communication Networks
Information Systems Applications (incl. Internet)
Algorithm Analysis and Problem Complexity
Systems and Data Security
Information Storage and Retrieval
Software Engineering

Electronic resources


LDR 02145nam a22005175i 4500
00142374
003CONS
00520131007080633.0
007cr nn 008mamaa
008120402s2012 gw | s |||| 0|eng d
020 . ‡a9783642292804 ‡9978-3-642-29280-4
0247 . ‡a10.1007/978-3-642-29280-4 ‡2doi
035 . ‡a(DE-He213)978-3-642-29280-4
050 4. ‡aTK5105.5-5105.9
072 7. ‡aUKN ‡2bicssc
072 7. ‡aCOM075000 ‡2bisacsh
1001 . ‡aThilagam, P. Santhi. ‡eeditor.
24510. ‡aAdvanced Computing, Networking and Security ‡h[electronic resource] : ‡bInternational Conference, ADCONS 2011, Surathkal, India, December 16-18, 2011, Revised Selected Papers / ‡cedited by P. Santhi Thilagam, Alwyn Roshan Pais, K. Chandrasekaran, N. Balakrishnan.
264 1. ‡aBerlin, Heidelberg : ‡bSpringer Berlin Heidelberg, ‡c2012.
300 . ‡aXVII, 641 p. ‡bonline resource.
336 . ‡atext ‡btxt ‡2rdacontent
337 . ‡acomputer ‡bc ‡2rdamedia
338 . ‡aonline resource ‡bcr ‡2rdacarrier
347 . ‡atext file ‡bPDF ‡2rda
4901 . ‡aLecture Notes in Computer Science, ‡x0302-9743 ; ‡v7135
650 0. ‡aComputer science.
650 0. ‡aComputer Communication Networks.
650 0. ‡aSoftware engineering.
650 0. ‡aData protection.
650 0. ‡aComputer software.
650 0. ‡aInformation storage and retrieval systems.
65014. ‡aComputer Science.
65024. ‡aComputer Communication Networks.
65024. ‡aInformation Systems Applications (incl. Internet).
65024. ‡aAlgorithm Analysis and Problem Complexity.
65024. ‡aSystems and Data Security.
65024. ‡aInformation Storage and Retrieval.
65024. ‡aSoftware Engineering.
7001 . ‡aPais, Alwyn Roshan. ‡eeditor.
7001 . ‡aChandrasekaran, K. ‡eeditor.
7001 . ‡aBalakrishnan, N. ‡eeditor.
7102 . ‡aSpringerLink (Online service)
7730 . ‡tSpringer eBooks
77608. ‡iPrinted edition: ‡z9783642292798
830 0. ‡aLecture Notes in Computer Science, ‡x0302-9743 ; ‡v7135
85640. ‡uhttp://biblioteca.ipicyt.edu.mx:2048/login?url=http://dx.doi.org/10.1007/978-3-642-29280-4 ‡yTexto completo ‡9CONS
950 . ‡aComputer Science (Springer-11645)
901 . ‡a42374 ‡b ‡c42374 ‡tbiblio ‡sSystem Local

Additional Resources